[Event "Stay Safe Play From Home 306"]
[Site "Emanuel Lasker Arena"]
[Date "2020.07.15"]
[Round "3"]
[White "Chesstiger9"]
[Black "Ionelluca"]
[Result "0-1"]
[WhiteElo "1986"]
[BlackElo "1950"]
[Annotator "TA"]
[PlyCount "116"]
[EventDate "2020.07.15"]
[EventType "swiss (blitz)"]

{[%evp 12,116,17,11,14,2,21,-20,16,-22,16,-5,33,16,38,40,64,56,111,46,59,41,47,47,59,6,15,12,98,27,18,-33,-26,-46,-37,-109,-89,-165,-185,-187,-180,-218,-122,-213,-166,-163,-155,-164,-139,-615,-622,-614,-614,-516,-498,-502,-528,-485,-466,-1006,-992,-547,-564,-698,-604,-507,-269,-269,0,-269,-260,-1425,-152,-152,-152,-1280,-242,-279,-144,-144,-141,-144,-127,-92,-54,-56,-64,-72,-72,-210,-72,-72,-81,-72,-72,-72,-73,-74,-68,-68,-68,-66,-66,-264,0,-57,-62]} 1. c4 c5 2. Nc3 Nc6 3. g3 g6 4. Bg2 Bg7 5. Nf3 b6 6. O-O Bb7 7. d3 Rb8 {[#] A37: Symmetrical English vs ...g6: 4 Bg2 Bg7 5 Nf3.} 8. e4 $146 ({Predecessor:} 8. Bf4 d6 9. Rb1 Nf6 10. a3 O-O 11. Qd2 a6 12. b4 Nd4 13. Nxd4 Bxg2 14. Kxg2 cxd4 {1-0 (46) Meyer,W (1745)-Eichinger,A (1484) Bad Woerishofen 2002}) 8... d6 9. Ne1 Nd4 {The position is equal.} 10. f4 Nf6 11. h3 e5 12. f5 gxf5 13. exf5 Bxg2 14. Nxg2 Qd7 (14... b5 $14) 15. g4 (15. Bg5 $16) 15... h6 16. Be3 (16. Rf2 {looks sharper.} b5 17. Ne3 bxc4 18. dxc4 e4 19. Ned5) 16... d5 17. Bxd4 cxd4 18. Nxd5 ({White should try} 18. Qe2 $14 O-O 19. Nxd5) 18... Nxd5 $11 19. cxd5 Qxd5 (19... Bf6 $1 $11) 20. Qa4+ (20. f6 $16 Bf8 21. Nh4) 20... Qd7 21. Qb3 (21. Qxd7+ $11 Kxd7 22. f6) 21... Bf6 $15 22. Rac1 O-O 23. a4 (23. Rce1 $15) 23... Rfc8 $17 24. Rc4 (24. Rce1 $17 {keeps fighting.}) 24... Rxc4 $19 25. Qxc4 Rc8 26. Qb3 {[#]} Qc6 (26... e4 $1 $19 {[%mdl 512]} 27. Nf4 (27. dxe4 d3) 27... e3) 27. Ne1 (27. Qd1 $17) 27... e4 28. dxe4 Qxe4 29. Qd3 Qe5 30. Kg2 $2 {[%mdl 8192]} (30. Ng2 $17) 30... Bh4 31. Nc2 {[#]} Rxc2+ $1 {[%mdl 576] Deflection} 32. Qxc2 {[%mdl 4096] Endgame KQR-KQB} Qg3+ 33. Kh1 Qxh3+ {[%mdl 64] Double Attack} 34. Kg1 Bg5 35. Re1 (35. Rf2 $142 Be3 36. Qc8+ Kh7 37. Qd7 Qxg4+ 38. Kf1 Bxf2 39. Kxf2 Qf4+ 40. Ke2 Qe3+ 41. Kd1) 35... Be3+ 36. Rxe3 Qxe3+ {KQ-KQ} ({Less strong is} 36... dxe3 37. Qg2 $17) 37. Kg2 d3 38. Qc8+ Kg7 39. Qc3+ Kg8 40. Qc8+ $1 Kh7 41. Qd7 $2 (41. Qc4 Kg7 42. Qc3+ Kf8 43. Qh8+ Ke7 44. f6+ Kd6 45. Qb8+ Kd5 46. Qxa7 Qe4+ 47. Kg3) 41... Qe2+ $2 (41... Qe4+ $19 {and Black stays clearly on top.} 42. Kf2 Kg7) 42. Kg3 Qe5+ $1 ({Don't do} 42... Qxb2 43. Qxd3 Kg7 44. Qe3 $17) 43. Kg2 $2 (43. Kh3 $17) 43... Qxb2+ $2 (43... Qe4+ 44. Kf1 Kg7 45. f6+ {[%mdl 64] Decoy} Kxf6 46. Qd6+ Kg5) 44. Kh3 Qf6 ({Better is} 44... Qb3 $19 {And now ...d2+ would win.} 45. f6 Qc4) 45. Qxd3 $17 {[#]} Kg7 $1 46. Qb3 Qe5 47. Qd3 a5 48. Qb3 Qd4 49. Qb5 Qe3+ 50. Kh2 {[#]} (50. Kh4 $17 {might work better.}) 50... Qf2+ (50... Kf6 $1 $19 {has better winning chances. aiming for ...Qe5+.} 51. Kg2 Kg5 52. f6+ Kxg4 53. Qd7+ Kg5 54. Qxf7 Qe4+ 55. Kh2 Qf4+ 56. Kg2 Qg4+ 57. Kf2 Qf4+ 58. Kg2 Qe4+ 59. Kf2 Qf5+ 60. Kg2 Qxf6 61. Qd5+ Kg6 62. Qg8+ Kh5) 51. Kh3 Qf3+ 52. Kh4 Qh1+ 53. Kg3 Qe1+ 54. Kh3 Qc3+ 55. Kh4 $1 Qf6+ 56. Kh3 Qd6 57. Qe2 $2 (57. Qe8 $15) 57... Kf6 $2 ({Black should play} 57... Qa3+ $19 58. Kh2 Qxa4 59. Qb2+ Kh7 60. Qxb6 Qc2+ 61. Kg1 a4) 58. Qb2+ (58. Qe3 $11 Kg7 59. Qc3+ Qf6 60. Qc4) 58... Ke7 {And White is the lucky defender. Accuracy: White = 43%, Black = 60%.} 0-1

[Event "Stay Safe Play From Home 306"]
[Site "Emanuel Lasker Arena"]
[Date "2020.07.15"]
[Round "3"]
[White "Tunca"]
[Black "Dukic"]
[Result "0-1"]
[WhiteElo "1702"]
[BlackElo "1969"]
[Annotator "TA"]
[PlyCount "54"]
[EventDate "2020.07.15"]
[EventType "swiss (blitz)"]

{[%evp 9,54,49,50,53,62,64,137,8,8,7,31,-6,-14,0,-5,-39,-6,0,166,91,281,-42,120,-43,40,10,345,358,602,601,550,559,29996,833,29997,0,0,-4,18,6,19,17,33,20,21,-423,-431]} 1. e4 c6 2. d4 d6 3. Nc3 Nd7 4. f4 e5 5. Nf3 Qc7 6. Bc4 {B12: Caro-Kann: Advance Variation.} Be7 7. O-O {Black must now prevent fxe5.} Ngf6 (7... exd4 $1 $14 8. Nxd4 (8. Qxd4 Ngf6 $14) 8... b5) 8. Kh1 (8. fxe5 $1 $16 dxe5 9. Nxe5 Nxe5 10. Bf4 {[%mdl 64] Pin}) 8... O-O 9. a4 a5 10. Qe1 exd4 11. Nxd4 {[#]} Re8 $146 ({Predecessor:} 11... d5 12. exd5 Nb6 13. Bb3 Nbxd5 14. Bxd5 Nxd5 15. Ndb5 Qd8 16. Nxd5 cxd5 {0-1 (39) Godard,M (2344)-Krasenkow,M (2628) Marrakesh 2010}) 12. Nf5 {Qg3! is the strong threat.} (12. Qg3 $5 {[%cal Rd4f5]} Bf8 13. Re1 $11) 12... Bf8 13. Qg3 $36 {[%mdl 2048] Threatens to win with Nh6+. White has some pressure.} d5 $2 (13... g6 $11) 14. exd5 (14. Nh6+ $1 $18 Kh8 15. Nxf7+ Kg8 16. exd5 cxd5 17. Bxd5 (17. Nxd5 Qxc4 {[%mdl 64] Double Attack} 18. Nh6+ Kh8 $11) 17... Nxd5 18. Nxd5) 14... Nb6 $2 (14... g6 $16) 15. Bd3 $2 (15. Nh6+ $18 Kh8 16. d6 $1 {[%mdl 512]}) 15... g6 $2 {[#]} (15... Bxf5 $15 {stays ahead.} 16. Bxf5 Nbxd5) 16. Qg5 $2 (16. d6 $1 $16 {[%cal Rd6c7][%mdl 512]} Qd7 (16... Bxd6 17. Nh6+) 17. Ne7+ Bxe7 18. dxe7) 16... Nbxd5 ({Black should try} 16... Bxf5 $15 17. Bxf5 Nbxd5) 17. Nh6+ $14 Kg7 $2 {[%mdl 8192]} (17... Bxh6 $1 $11 {and Black stays safe.} 18. Nxd5 Nxd5 19. Qxh6 Ne7) 18. f5 $18 Qd8 $2 (18... Bxf5 19. Bxf5 Kh8) 19. fxg6 fxg6 {If Black can now play ...Be7 this consolidates a bit.} 20. Nxd5 Nxd5 21. Rf7+ Kh8 {[#]} 22. Rf1 $2 (22. Rxh7+ $1 {[%mdl 512] mates} Kxh7 23. Qxg6+ Kh8 24. Qh7#) 22... Qxg5 $11 23. Bxg5 Bg7 24. Nf7+ Kg8 25. Nd6 Rf8 26. Rxf8+ Bxf8 27. Rf1 $2 {[%mdl 8192]} (27. Nxc8 $11 {and White is okay.} Rxc8 28. Re1) 27... Bxd6 {Never resign too early! Accuracy: White = 42%, Black = 38%.} 0-1

[Event "Stay Safe Play From Home 306"]
[Site "Emanuel Lasker Arena"]
[Date "2020.07.15"]
[Round "3"]
[White "Sadbat1122"]
[Black "Möwe"]
[Result "0-1"]
[WhiteElo "1672"]
[BlackElo "1655"]
[Annotator "NA RC"]
[PlyCount "130"]
[EventDate "2020.07.15"]
[EventType "swiss (blitz)"]

1. e4 {[%emt 0:00:08]} d5 {[%emt 0:00:01]} 2. exd5 {[%emt 0:00:02]} Qxd5 {[%emt 0:00:00]} 3. Nf3 {[%emt 0:00:04]} Bg4 {[%emt 0:00:02]} 4. Be2 {[%emt 0:00:04]} Nf6 {[%emt 0:00:01]} 5. Nc3 {[%emt 0:00:03]} Qa5 {[%emt 0:00:02]} 6. d4 {[%emt 0:00:02]} e6 {[%emt 0:00:01]} 7. Bf4 {[%emt 0:00:06]} Nc6 {[%emt 0:00:01]} 8. Qd2 {[%emt 0:00:02]} Bb4 {[%emt 0:00:02]} 9. O-O {[%emt 0:00:06]} Ne4 {[%emt 0:00:04]} 10. Qe3 {[%emt 0:00:09]} Nxc3 {[%emt 0:00:04]} 11. bxc3 {[%emt 0:00:02]} Bxc3 {[%emt 0:00:01]} 12. Rad1 {[%emt 0:00:05]} O-O {[%emt 0:00:04]} 13. h3 {[%emt 0:00:09]} Bh5 {[%emt 0:00:03]} 14. Bxc7 {[%emt 0:00:05]} Qxc7 {[%emt 0:00:10]} 15. Qxc3 {[%emt 0:00:03]} Rac8 {[%emt 0:00:01]} 16. Qe3 {[%emt 0:00:07]} Ne7 {[%emt 0:00:07]} 17. Bd3 {[%emt 0:00:04]} Nd5 {[%emt 0:00:03]} 18. Qe4 {[%emt 0:00:10]} Bg6 {[%emt 0:00:03]} 19. Qh4 {[%emt 0:00:06]} Bxd3 {[%emt 0:00:11]} 20. cxd3 {[%emt 0:00:06]} Qf4 {[%emt 0:00:05]} 21. Qxf4 {[%emt 0:00:16]} Nxf4 {[%emt 0:00:02]} 22. Ne5 {[%emt 0:00:09]} Ne2+ {[%emt 0:00:05]} 23. Kh2 {[%emt 0:00:03]} Nxd4 {[%emt 0:00:00]} 24. Rb1 {[%emt 0:00:04]} b6 {[%emt 0:00:02]} 25. Rb4 {[%emt 0:00:05]} Nc6 {[%emt 0:00:03]} 26. Nxc6 {[%emt 0:00:05]} Rxc6 {[%emt 0:00:01]} 27. Ra4 {[%emt 0:00:02]} a5 {[%emt 0:00:02]} 28. Rd4 {[%emt 0:00:03]} Rc2 {[%emt 0:00:04]} 29. a4 {[%emt 0:00:06]} Rfc8 {[%emt 0:00:02]} 30. Rb1 {[%emt 0:00:09]} R2c6 {[%emt 0:00:04]} 31. Rb5 {[%emt 0:00:04]} g6 {[%emt 0:00:01]} 32. Rd7 {[%emt 0:00:05]} Kg7 {[%emt 0:00:07]} 33. Rb7 {[%emt 0:00:04]} Rc3 {[%emt 0:00:05]} 34. R5xb6 {[%emt 0:00:04]} Rxd3 {[%emt 0:00:01]} 35. Rb5 {[%emt 0:00:04]} Rd2 {[%emt 0:00:05]} 36. Rxa5 {[%emt 0:00:16]} Rxf2 {[%emt 0:00:03]} 37. Rg5 {[%emt 0:00:05]} h6 {[%emt 0:00:03]} 38. Rg3 {[%emt 0:00:04]} Rc4 {[%emt 0:00:04]} 39. a5 {[%emt 0:00:02]} Ra4 {[%emt 0:00:02]} 40. Rb5 {[%emt 0:00:02]} f5 {[%emt 0:00:22]} 41. Re3 {[%emt 0:00:08]} Kf6 {[%emt 0:00:02]} 42. Rb6 {[%emt 0:00:02]} Rxa5 {[%emt 0:00:02]} 43. Rexe6+ {[%emt 0:00:05]} Kf7 {[%emt 0:00:01]} 44. Rf6+ {[%emt 0:00:02]} Ke7 {[%emt 0:00:02]} 45. Rbe6+ {[%emt 0:00:03]} Kd7 {[%emt 0:00:02]} 46. Rxg6 {[%emt 0:00:02]} Raa2 {[%emt 0:00:05]} 47. Ref6 {[%emt 0:00:02]} Ke7 {[%emt 0:00:02]} 48. Re6+ {[%emt 0:00:11]} Kf7 {[%emt 0:00:01]} 49. Ref6+ {[%emt 0:00:01]} Ke7 {[%emt 0:00:01]} 50. h4 {[%emt 0:00:02]} Rxg2+ {[%emt 0:00:03]} 51. Rxg2 {[%emt 0:00:23]} Rxg2+ {[%emt 0:00:03]} 52. Kxg2 {[%emt 0:00:01]} Kxf6 {[%emt 0:00:00]} 53. Kg3 {[%emt 0:00:02]} Ke5 {[%emt 0:00:02]} 54. Kf3 {[%emt 0:00:01]} h5 {[%emt 0:00:04]} 55. Kg3 {[%emt 0:00:02]} Ke4 {[%emt 0:00:03]} 56. Kh3 {[%emt 0:00:05]} Kf3 {[%emt 0:00:02]} 57. Kh2 {[%emt 0:00:03]} f4 {[%emt 0:00:06]} 58. Kh3 {[%emt 0:00:01]} Ke2 {[%emt 0:00:01]} 59. Kh2 {[%emt 0:00:02]} f3 {[%emt 0:00:01]} 60. Kg3 {[%emt 0:00:01]} f2 {[%emt 0:00:00]} 61. Kf4 {[%emt 0:00:01]} f1=Q+ {[%emt 0:00:01]} 62. Kg5 {[%emt 0:00:01]} Qf3 {[%emt 0:00:03]} 63. Kh6 {[%emt 0:00:01]} Qg4 {[%emt 0:00:01]} 64. Kh7 {[%emt 0:00:01]} Ke3 {[%emt 0:00:01]} 65. Kh6 {[%emt 0:00:01]} Kf4 {[%emt 0:00:01] Time (Lag: Av=1.30s, max=2.1s)} 0-1

[Event "Stay Safe Play From Home 306"]
[Site "Emanuel Lasker Arena"]
[Date "2020.07.15"]
[Round "3"]
[White "Timbre"]
[Black "Weltszmerc"]
[Result "0-1"]
[WhiteElo "1528"]
[BlackElo "2035"]
[Annotator "TA"]
[PlyCount "92"]
[EventDate "2020.07.15"]
[EventType "swiss (blitz)"]

{[%evp 17,92,0,10,-15,-14,-31,0,-6,0,0,0,0,0,0,17,0,25,17,18,19,19,14,23,-6,-4,-70,-62,-60,-65,-85,0,-24,-29,-86,-98,-94,-18,-29,0,0,0,0,0,0,9,0,6,-114,-89,-84,-85,-92,-21,-119,-111,-119,-88,-119,-114,-114,-50,-289,-278,-4502,-3865,-29963,-29964,-12798,-6307,-3304,-3456,-29978,-29961,-29981,-29981,-29983,-29986]} 1. d4 b6 2. Nf3 Bb7 3. c3 Nf6 4. Bf4 d6 5. e3 Nbd7 6. Be2 g6 7. Nbd2 Bg7 8. O-O O-O 9. h3 Re8 10. Re1 {A48: 1 d4 Nf6 2 Nf3 g6: Torre, London and Colle Systems.} e5 11. dxe5 Nxe5 {[#]} 12. Nxe5 $146 {The position is equal.} ({Predecessor:} 12. a4 a6 13. Qc2 Nfd7 14. Nxe5 dxe5 15. Bh2 Nc5 16. b4 Ne6 17. Red1 Qe7 18. Bf3 {0-1 (43) Forche,P (1410)-Bunk,K (2023) Nuremberg 2011}) 12... dxe5 13. Bg3 Qe7 (13... a5 {looks sharper.} 14. a4 Nh5 15. Bh2 Nf6 16. Bg3) 14. Qc2 Rad8 15. Rad1 a6 16. Nf3 e4 17. Nd4 Nd5 18. Nb3 f5 19. Bc4 Kh8 20. Bxd5 Bxd5 21. Nd4 (21. c4 $11 Bg8 22. c5) 21... c5 $15 (21... Bxa2 $2 22. b3 $18) 22. Ne2 Bc4 ({Don't blunder} 22... Bxa2 $2 23. b3 $18) 23. Nf4 Bf6 ({Avoid the trap} 23... Bxa2 $2 24. b3 $18) ({Better is} 23... g5 $17 24. Nh5 Bf8 25. Rxd8 Rxd8) 24. Rxd8 Rxd8 ({Don't play} 24... Qxd8 $6 25. Rd1 $14) 25. b3 (25. Qa4 $1 $11 {keeps the balance.} Bb5 26. Qb3) 25... Bd3 $17 26. Qc1 b5 (26... c4 $17 27. Ne2 Bxe2 28. Rxe2 cxb3 29. axb3 Rd3) 27. c4 $1 $11 {next Nd5 is good for White.} b4 28. a3 a5 29. axb4 axb4 30. Nd5 Qe6 31. Nxf6 Qxf6 32. Bc7 (32. Qa1 $11 Qxa1 33. Rxa1) 32... Rd7 33. Bg3 {[#]} Ra7 $1 34. Qd2 Kg7 (34... Ra3 $17 35. Qd1 Kg8) 35. Bf4 (35. Bb8 $1 $11 {remains equal.} Ra8 36. Bc7) 35... g5 $36 {[%mdl 2048] Black is on the roll.} 36. Bg3 Kg6 {...Ra3 is the strong threat.} 37. f3 Qc3 38. Qf2 Qxb3 (38... Ra6 $17 39. f4 Qc2 40. fxg5 Qxf2+ 41. Kxf2 Bc2) 39. fxe4 $2 {This move loses the game for White.} (39. Bb8 $1 $15 Rd7 40. f4) 39... Bxe4 $19 {[#] Strongly threatening ...Ra2.} 40. h4 $2 (40. Qd2 Bd3 41. e4 fxe4 42. h4) 40... Ra2 41. Qf1 Rxg2+ 42. Qxg2 Bxg2 43. Kxg2 Qxc4 44. hxg5 Qc2+ {Black mates.} 45. Kh3 b3 {[%cal Bb4b3,Bb3b2][%mdl 32]} 46. Bf4 b2 {Accuracy: White = 53%, Black = 67%.} 0-1

[Event "Stay Safe Play From Home 306"]
[Site "Emanuel Lasker Arena"]
[Date "2020.07.15"]
[Round "4"]
[White "Weltszmerc"]
[Black "Chesstiger9"]
[Result "1/2-1/2"]
[WhiteElo "2037"]
[BlackElo "1968"]
[PlyCount "85"]
[EventDate "2020.07.15"]
[EventType "swiss (blitz)"]

1. d4 {[%emt 0:00:05]} g6 {[%emt 0:00:02]} 2. c4 {[%emt 0:00:02]} Bg7 {[%emt 0:00:01]} 3. e4 {[%emt 0:00:01]} d6 {[%emt 0:00:01]} 4. Ne2 {[%emt 0:00:03]} e5 {[%emt 0:00:01]} 5. Be3 {[%emt 0:00:10]} c6 {[%emt 0:00:08]} 6. Nbc3 {[%emt 0:00:03]} Ne7 {[%emt 0:00:06]} 7. Qd2 {[%emt 0:00:09]} O-O {[%emt 0:00:03]} 8. f3 {[%emt 0:00:17]} Nd7 {[%emt 0:00:01]} 9. g4 {[%emt 0:00:03]} exd4 {[%emt 0:00:04]} 10. Nxd4 {[%emt 0:00:02]} Ne5 {[%emt 0:00:02]} 11. Be2 {[%emt 0:00:01]} d5 {[%emt 0:00:08]} 12. exd5 {[%emt 0:00:15]} cxd5 {[%emt 0:00:01]} 13. c5 {[%emt 0:00:00]} f5 {[%emt 0:00:06]} 14. gxf5 {[%emt 0:00:07]} Nxf5 {[%emt 0:00:02]} 15. Nxf5 {[%emt 0:00:01]} Bxf5 {[%emt 0:00:01]} 16. O-O-O {[%emt 0:00:13]} Nc4 {[%emt 0:00:08]} 17. Bxc4 {[%emt 0:00:31]} dxc4 {[%emt 0:00:00]} 18. Qxd8 {[%emt 0:00:16] Chesstiger9 offers a draw} Raxd8 {[%emt 0:00:05]} 19. Rxd8 {[%emt 0:00:08]} Rxd8 {[%emt 0:00:02]} 20. Rd1 {[%emt 0:00:08]} Rxd1+ {[%emt 0:00:03]} 21. Kxd1 {[%emt 0:00:00]} Bxc3 {[%emt 0:00:04]} 22. bxc3 {[%emt 0:00:01]} a6 {[%emt 0:00:03] Chesstiger9 offers a draw} 23. Bd4 {[%emt 0:00:46]} Kf7 {[%emt 0:00:03]} 24. Kd2 {[%emt 0:00:01]} Ke6 {[%emt 0:00:02]} 25. Ke3 {[%emt 0:00:01]} Kd5 {[%emt 0:00:03]} 26. Kf4 {[%emt 0:00:01]} h5 {[%emt 0:00:12]} 27. Kg5 {[%emt 0:00:06]} Ke6 {[%emt 0:00:01]} 28. h4 {[%emt 0:00:02]} Kf7 {[%emt 0:00:03]} 29. Be5 {[%emt 0:00:02]} Bb1 {[%emt 0:00:04]} 30. a3 {[%emt 0:00:01]} Bd3 {[%emt 0:00:03]} 31. Bc7 {[%emt 0:00:01]} Be2 {[%emt 0:00:04]} 32. Kf4 {[%emt 0:00:02]} Ke6 {[%emt 0:00:02]} 33. Ke3 {[%emt 0:00:01]} Bd1 {[%emt 0:00:02]} 34. Kd4 {[%emt 0:00:02]} Bxf3 {[%emt 0:00:04]} 35. Kxc4 {[%emt 0:00:02]} Kd7 {[%emt 0:00:02]} 36. Bf4 {[%emt 0:00:02]} Kc6 {[%emt 0:00:01]} 37. Kd4 {[%emt 0:00:00]} Bd1 {[%emt 0:00:03]} 38. c4 {[%emt 0:00:01]} Bc2 {[%emt 0:00:02]} 39. Be3 {[%emt 0:00:04]} Bb1 {[%emt 0:00:01] Weltszmerc proponuje remis} 40. Bg5 {[%emt 0:00:06]} Bc2 {[%emt 0:00:01]} 41. Be3 {[%emt 0:00:00]} Bb1 {[%emt 0:00:01]} 42. Bg5 {[%emt 0:00:01]} Bc2 {[%emt 0:00:01]} 43. Be3 {[%emt 0:00:00] (Lag: Av=0.88s, max=5.8s)} 1/2-1/2

[Event "Stay Safe Play From Home 306"]
[Site "Emanuel Lasker Arena"]
[Date "2020.07.15"]
[Round "4"]
[White "Dukic"]
[Black "Ionelluca"]
[Result "1-0"]
[WhiteElo "1975"]
[BlackElo "1969"]
[Annotator "TA"]
[PlyCount "81"]
[EventDate "2020.07.15"]
[EventType "swiss (blitz)"]

{[%evp 12,81,0,-28,-28,-45,-12,-8,0,-10,34,25,66,68,59,56,54,51,77,63,60,66,71,64,166,74,84,89,232,229,233,233,233,233,234,234,227,223,216,217,231,231,369,363,370,363,385,383,374,362,541,540,531,543,631,467,610,621,707,700,708,699,646,618,1133,908,955,925,1218,1179,1668,1485]} 1. c4 c5 2. Nc3 Nc6 3. Nf3 g6 4. d4 cxd4 5. Nxd4 Bg7 6. Nc2 d6 7. g3 Be6 {A35: Symmetrical English: 2 Nc3 Nc6 3 Nf3.} 8. Ne3 Nf6 9. Bg2 O-O {[#] The position is equal.} 10. Qd2 $146 ({Predecessor:} 10. Ncd5 Rc8 11. Bd2 Ne5 12. b3 Qd7 13. Nf4 Nc6 14. Rc1 b5 15. Nxe6 Qxe6 16. cxb5 {1-0 (33) Grigoryan,K (2602)-Pashikian,A (2606) Yerevan 2016}) 10... Nd7 11. b3 Nc5 12. Bb2 Rc8 13. O-O Qd7 14. Rfd1 Rfd8 15. Rac1 Bh3 16. Bh1 h5 17. Ncd5 Ne5 (17... e5 $14) 18. Nf4 (18. f4 $18 {has better winning chances.}) 18... Bg4 19. Bg2 Bf5 {Loses the game.} (19... b6 $16 {was worth a try.}) 20. Nxf5 $18 Qxf5 21. Bh3 {[%mdl 64] [#] Skewer} Qg5 22. Bxc8 Rxc8 23. Nd5 Qxd2 24. Rxd2 Kf8 25. f4 Ne4 26. Rdd1 ({Worse is} 26. fxe5 Nxd2 27. Rd1 Ne4 $11) 26... e6 (26... Nc6 $142) 27. fxe5 exd5 28. Rxd5 Re8 29. Rc2 dxe5 30. Rd7 Nc5 (30... Rb8 $142 31. Rc1 Nf6) 31. Ba3 {White is clearly winning.} b6 32. Rxa7 Kg8 33. Rd2 Ne6 34. Rdd7 e4 35. Rxf7 Bd4+ 36. Kg2 b5 37. Rae7 Ng5 38. Rxe8+ Kxf7 39. Rd8 Bb6 40. Rd6 Bd4 41. Rxd4 {Accuracy: White = 89%, Black = 37%.} 1-0

[Event "Stay Safe Play From Home 306"]
[Site "Emanuel Lasker Arena"]
[Date "2020.07.15"]
[Round "4"]
[White "Lazieri3"]
[Black "Sadbat1122"]
[Result "1-0"]
[WhiteElo "1968"]
[BlackElo "1654"]
[Annotator "NA RC"]
[PlyCount "111"]
[EventDate "2020.07.15"]
[EventType "swiss (blitz)"]

1. e4 {[%emt 0:00:00]} d5 {[%emt 0:00:03]} 2. Nc3 {[%emt 0:00:00]} d4 {[%emt 0:00:02]} 3. Nce2 {[%emt 0:00:01]} e5 {[%emt 0:00:02]} 4. d3 {[%emt 0:00:00]} c5 {[%emt 0:00:03]} 5. f4 {[%emt 0:00:00]} Bd6 {[%emt 0:00:06]} 6. fxe5 {[%emt 0:00:02]} Bxe5 {[%emt 0:00:02]} 7. Nf3 {[%emt 0:00:00]} Nc6 {[%emt 0:00:03]} 8. g3 {[%emt 0:00:02]} Bg4 {[%emt 0:00:03]} 9. Bg2 {[%emt 0:00:00]} Nf6 {[%emt 0:00:02]} 10. O-O {[%emt 0:00:02]} O-O {[%emt 0:00:03]} 11. Nxe5 {[%emt 0:00:02]} Nxe5 {[%emt 0:00:04]} 12. h3 {[%emt 0:00:01]} Bxe2 {[%emt 0:00:07]} 13. Qxe2 {[%emt 0:00:00]} Re8 {[%emt 0:00:10]} 14. Bg5 {[%emt 0:00:03]} Ned7 {[%emt 0:00:18]} 15. h4 {[%emt 0:00:10]} h6 {[%emt 0:00:04]} 16. Bd2 {[%emt 0:00:04]} Qb6 {[%emt 0:00:06]} 17. b3 {[%emt 0:00:01]} Qe6 {[%emt 0:00:06]} 18. Rf5 {[%emt 0:00:06]} g6 {[%emt 0:00:09]} 19. Rf4 {[%emt 0:00:02]} Nh5 {[%emt 0:00:07]} 20. Rf2 {[%emt 0:00:23]} Nxg3 {[%emt 0:00:04]} 21. Qf3 {[%emt 0:00:01]} Nh5 {[%emt 0:00:07]} 22. Bxh6 {[%emt 0:00:02]} Ne5 {[%emt 0:00:02]} 23. Qh3 {[%emt 0:00:07]} Qxh3 {[%emt 0:00:07]} 24. Bxh3 {[%emt 0:00:00]} Kh7 {[%emt 0:00:04]} 25. Bg5 {[%emt 0:00:06]} Kg7 {[%emt 0:00:10]} 26. Raf1 {[%emt 0:00:07]} Rf8 {[%emt 0:00:07]} 27. a4 {[%emt 0:00:09]} f6 {[%emt 0:00:03]} 28. Bd2 {[%emt 0:00:05]} Ng3 {[%emt 0:00:21]} 29. Re1 {[%emt 0:00:09]} Rh8 {[%emt 0:00:09]} 30. Bf4 {[%emt 0:00:06]} Nh5 {[%emt 0:00:02]} 31. Bxe5 {[%emt 0:00:01]} fxe5 {[%emt 0:00:02]} 32. Ref1 {[%emt 0:00:08]} Nf4 {[%emt 0:00:02]} 33. Rxf4 {[%emt 0:00:29]} exf4 {[%emt 0:00:03]} 34. Rxf4 {[%emt 0:00:00]} Raf8 {[%emt 0:00:03]} 35. Rg4 {[%emt 0:00:01]} Rf3 {[%emt 0:00:03]} 36. Bf1 {[%emt 0:00:29]} Rhf8 {[%emt 0:00:06]} 37. Bg2 {[%emt 0:00:03]} R3f4 {[%emt 0:00:02]} 38. Rg5 {[%emt 0:00:05]} Rxh4 {[%emt 0:00:08]} 39. Rxc5 {[%emt 0:00:01]} Rf7 {[%emt 0:00:12]} 40. e5 {[%emt 0:00:10]} b6 {[%emt 0:00:06]} 41. Rd5 {[%emt 0:00:06]} Re7 {[%emt 0:00:02]} 42. Kf2 {[%emt 0:00:07]} Rf4+ {[%emt 0:00:04]} 43. Kg3 {[%emt 0:00:02]} Rf5 {[%emt 0:00:02]} 44. Rxd4 {[%emt 0:00:01]} Rfxe5 {[%emt 0:00:02]} 45. Be4 {[%emt 0:00:01]} Rc7 {[%emt 0:00:08]} 46. Rd6 {[%emt 0:00:04]} Rg5+ {[%emt 0:00:05]} 47. Kf4 {[%emt 0:00:03]} Kh6 {[%emt 0:00:05]} 48. c4 {[%emt 0:00:03]} Rf7+ {[%emt 0:00:05]} 49. Ke3 {[%emt 0:00:01]} Rg3+ {[%emt 0:00:02]} 50. Kd4 {[%emt 0:00:01]} Kh5 {[%emt 0:00:04]} 51. b4 {[%emt 0:00:01]} Re7 {[%emt 0:00:07]} 52. c5 {[%emt 0:00:01]} bxc5+ {[%emt 0:00:04]} 53. bxc5 {[%emt 0:00:00]} g5 {[%emt 0:00:06]} 54. c6 {[%emt 0:00:05]} Rg1 {[%emt 0:00:10]} 55. Rd7 {[%emt 0:00:02]} Re8 {[%emt 0:00:10]} 56. c7 {[%emt 0:00:03] Time (Lag: Av=1.57s, max=4.5s)} 1-0